| 000 | 00577nam a22001811cc4500 | ||
|---|---|---|---|
| 001 | a987665625+Band2 | ||
| 003 | RU-10907106 | ||
| 005 | 20230124181938.0 | ||
| 008 | 170707s2006 gw |||| 000u ger d | ||
| 035 | _aa987665625 | ||
| 040 | _cRU-10907106 | ||
| 245 | 0 | 0 |
_aEliten in Deutschland und Frankreich im 19. und 20. Jahrhundert. _nBand 2 |
| 246 | 1 | 2 |
_aEliten in Deutschland und Frankreich im 19. und 20. Jahrhundert : Strukturen und Beziehungen _nBand 2 |
| 264 |
_aMünchen : _bOldenbourg, _c2006 |
||
| 300 | _a200 S. | ||
| 773 | 0 | 8 |
_wa987665625 _qBand2 |
| 942 |
_cMG _2z |
||
| 999 |
_c44081 _d44081 |
||